Calculus, with analytic geometry

Αποθηκεύτηκε σε:
Λεπτομέρειες βιβλιογραφικής εγγραφής
Κύριος συγγραφέας: Anton, Howard
Μορφή: Βιβλίο
Γλώσσα:English
Δημοσίευση: New York : Wiley, c1984
Έκδοση:2nd ed.
Θέματα:
Ετικέτες: Προσθήκη ετικέτας
Δεν υπάρχουν, Καταχωρήστε ετικέτα πρώτοι!

MARC

LEADER 00000cam a2200000 i 4500
001 1/58581
008 950710s1984 eng d
020 |a 0471082716  |c $36.95 (est.) 
035 |l 10028390 
040 |a GR-MY-UA  |b gre  |e aacr 
041 0 |a eng 
082 0 |a 516.04  |2 (19) 
100 1 |a Anton, Howard. 
245 1 0 |a Calculus, with analytic geometry /  |c Howard Anton 
250 |a 2nd ed. 
260 |a New York :   |b Wiley,   |c c1984 
300 |a xxiv, 1108, 121, 9 σ.;  |b εικ.;  |c 25 εκ. 
504 |a Περιλαμβάνει ευρετήριο 
650 0 0 |a Calculus. 
852 |a INST  |b CHIOS  |e 19950710  |h 516.04 ANT  |p 005200004609  |q 005200004609  |t BK  |y 0 
909 |a Χ  |b 005363